000 00809cam a2200241 a 4500
001 000013634
005 20200929163307.0
008 780920s1977 ve b 001 0 spa d
040 _aDO-SdBNP
_bspa
_cDLC
_dBNPHU
082 _a335.4
_bN415c
100 1 _aNeira, Enrique.
_931043
245 1 0 _aCristianos-marxistas? :
_balgunos puntos de cuestionamiento /
_cEnrique Neira.
260 _aCaracas, (Venezuela) :
_bUniversidad Católica Andrés Bello,
_c1977.
300 _a116 p. ;
_c19 cm.
490 1 _aManoa
_v3
504 _aIncluye referencias bibliográficas.
650 4 _aMarxismo y cristianismo
_99488
650 4 _aEl comunismo y el cristianismo
_931044
650 4 _aComunismo e iglesia católica
_93707
830 0 _aManoa ;
_v3
_923374
910 _aCatalogación por copia / LC
049 _aBNGR
999 _c13248
_d13248